[Event "2006 Standard Chess Dropout Tournament, Round 4"]
[Site "SchemingMind.com"]
[Date "2006.11.09"]
[Round "4"]
[White "eHowitzer"]
[Black "lumilinna"]
[Result "1-0"]
[WhiteCountry "CAN"]
[BlackCountry "FIN"]
[WhiteElo "2140"]
[WhiteRD "105"]
[BlackElo "1748"]
[BlackRD "79"]
[GameID "75562"]

1. c4 Nf6 2. Nc3 e5 3. Nf3 Nc6 4. g3 Bc5 5. Bg2 O-O 6. O-O d6 7. e3 Re8 8. d4 Bb6 9. b3 Bg4 10. d5 Ne7
11. Qd3 c6 12. dxc6 Nxc6 13. Ng5 h6 14. Nge4 Bf5 15. Qxd6 Nxe4 16. Nxe4 Bxe4 17. Qxd8 Raxd8 18. Bxe4 Rd7 19. Bb2 f6 20. Rfd1 Red8
21. Rd5 Ne7 22. Rb5 f5 23. Bg2 e4 24. c5 Rd5 25. Rc1 Rc8 26. Bd4 Kh7 27. Bf1 Nc6 28. cxb6
1-0

[Event "2006 Standard Chess Dropout Tournament, Round 4"]
[Site "SchemingMind.com"]
[Date "2006.11.07"]
[Round "4"]
[White "Erhaem"]
[Black "pedrinho"]
[Result "1-0"]
[WhiteCountry "NED"]
[BlackCountry "GBR"]
[WhiteElo "2122"]
[WhiteRD "63"]
[BlackElo "1655"]
[BlackRD "92"]
[GameID "75563"]

1. d4 e6 2. Nf3 f5 3. g3 b6 4. d5 Nf6 5. dxe6 dxe6 6. Qxd8+ Kxd8 7. Bg2 Bb7 8. O-O Bd6 9. Nc3 Nc6 10. Be3 Ke7
11. Rad1 Rhd8 12. Nb5 a6 13. Nxd6 cxd6 14. Bxb6 Rd7 15. c4 Nb4 16. c5 Bxf3 17. Bxf3 d5 18. Ba5 Nc6 19. Bc3 Rc8 20. e3 g6
21. b4 Ne4 22. Bxe4 dxe4 23. Rxd7+ Kxd7 24. Rd1+ Ke7 25. Rd6 Nb8 26. Rb6 h5 27. a3 g5 28. Be5 Nc6 29. Bd6+ Kf6 30. Rxa6 Ne5
31. b5 Nd7 32. Rc6 Ra8 33. b6 Rxa3 34. b7 Rb3 35. Rb6 Rxb6 36. cxb6 h4 37. b8=Q
1-0

[Event "2006 Standard Chess Dropout Tournament, Round 4"]
[Site "SchemingMind.com"]
[Date "2006.11.11"]
[Round "4"]
[White "fer_even"]
[Black "wilfried"]
[Result "1-0"]
[WhiteCountry "ARG"]
[BlackCountry "GER"]
[WhiteElo "2293"]
[WhiteRD "81"]
[BlackElo "2214"]
[BlackRD "108"]
[GameID "75564"]

1. d4 d5 2. c4 e6 3. Nc3 Nf6 4. cxd5 exd5 5. Bg5 Be7 6. e3 c6 7. Bd3 Ne4 8. Bxe7 Qxe7 9. Bxe4 dxe4 10. Nge2 O-O
11. Qc2 f5 12. Nf4 g5 13. Nfe2 Be6 14. h4 Na6 15. a3 g4 16. h5 Qf7 17. h6 Bb3 18. Qd2 Nc7 19. Nf4 Rac8 20. Rc1 b6
21. Kf1 Rfd8 22. Nce2 Bc4 23. Kg1 Bxe2 24. Nxe2 Nd5 25. Ng3 Ne7 26. Rh5 Qg6 27. b4 Rd5 28. Qa2 Kh8 29. Qb2 Rcd8 30. Rh1 a6
31. a4 Qf7 32. Nh5 R5d6 33. Nf4 Nd5 34. Nxd5 cxd5 35. g3 Qd7 36. b5 a5 37. Kg2 Kg8 38. Rc3
1-0

[Event "2006 Standard Chess Dropout Tournament, Round 4"]
[Site "SchemingMind.com"]
[Date "2006.11.07"]
[Round "4"]
[White "Gambiteer"]
[Black "Quirine"]
[Result "1-0"]
[WhiteCountry "ENG"]
[BlackCountry "NED"]
[WhiteElo "2139"]
[WhiteRD "62"]
[BlackElo "1907"]
[BlackRD "76"]
[GameID "75565"]

1. c4 Nf6 2. Nc3 g6 3. g3 Bg7 4. Bg2 O-O 5. e4 d6 6. Nge2 e5 7. O-O Nc6 8. d3 a6 9. f4 Rb8 10. fxe5 dxe5
11. Nd5 Nxd5 12. cxd5 Ne7 13. Bg5 f6 14. Be3 c6 15. Nc3 cxd5 16. Qb3 Kh8 17. exd5 b5 18. Ba7 Rb7 19. Bc5 Rd7 20. d4 exd4
21. Bxd4 Bb7 22. Bc5 Re8 23. Rae1 Nf5 24. a4 bxa4 25. Qxa4 h5 26. Rxe8+ Qxe8 27. Be4 Ne7 28. d6 Bxe4 29. dxe7 Bd3 30. Re1 f5
31. Qxd7
1-0

[Event "2006 Standard Chess Dropout Tournament, Round 4"]
[Site "SchemingMind.com"]
[Date "2006.11.13"]
[Round "4"]
[White "griffimv"]
[Black "Katarrov"]
[Result "1/2-1/2"]
[WhiteCountry "INT"]
[BlackCountry "ESP"]
[WhiteElo "2313"]
[WhiteRD "77"]
[BlackElo "2216"]
[BlackRD "95"]
[GameID "75567"]

1. e4 e5 2. Nf3 Nc6 3. Bb5 a6 4. Ba4 Nf6 5. O-O Be7 6. Re1 b5 7. Bb3 O-O 8. c3 d6 9. h3 Na5 10. Bc2 c5
11. d4 Qc7 12. Nbd2 cxd4 13. cxd4 Nc6 14. Nb3 a5 15. Be3 a4 16. Nbd2 Bd7 17. Rc1 Rfc8 18. a3 Qb7 19. Bb1 Be8 20. Qe2 Bd7
21. Bd3 Rab8 22. Red1 h6 23. Rc2 exd4 24. Nxd4 Ne5 25. Rxc8+ Qxc8 26. Bxb5 Bxb5 27. Nxb5 Qa6 28. Nc3 Qxe2 29. Nxe2 Rxb2 30. Nc3 Rc2
31. Nxa4 Ra2 32. Nc3 Rxa3 33. Bd4 Nh5 34. g3 Bf6 35. Kg2 Ng6 36. Ndb1 Rb3 37. f4 Bxd4 38. Rxd4 Nf6 39. Kf3 Ne8 40. Rd3 Ne7
41. Nd2 Rb4 42. Ke3 g6 43. g4 Kg7 44. Ne2 f5 45. Rd4 Rb6 46. exf5 gxf5 47. Rd3 Nf6 48. Kf3 d5 49. Nb3 fxg4+ 50. hxg4 h5
51. g5 Ne4 52. Nbd4 Ra6 53. Ng3 Nxg3 54. Kxg3 Ra4 55. Kf3 Kg6 56. Ne2 Ra5 57. Re3 Nf5 58. Rb3 Ra1 59. Rb6+ Kg7 60. Rb5 Rf1+
61. Kg2 Ne3+ 62. Kg3 Nf5+ 63. Kh3=
1/2-1/2

[Event "2006 Standard Chess Dropout Tournament, Round 4"]
[Site "SchemingMind.com"]
[Date "2006.11.07"]
[Round "4"]
[White "hph46"]
[Black "boojiboy"]
[Result "1-0"]
[WhiteCountry "GER"]
[BlackCountry "USA"]
[WhiteElo "2046"]
[WhiteRD "130"]
[BlackElo "1880"]
[BlackRD "73"]
[GameID "75568"]

1. e4 g6 2. d4 Bg7 3. c4 d6 4. f4 c5 5. d5 e6 6. Nf3 Ne7 7. Nc3 O-O 8. Be2 exd5 9. cxd5 a6 10. a4 Nd7
11. O-O h6 12. Qe1 f5 13. e5 dxe5 14. fxe5 Nxe5 15. Nxe5 Bxe5 16. Bxh6 Rf7 17. Bf4 Bxf4 18. Rxf4 g5 19. Rf2 Rh7 20. Qd2 Nc6
21. dxc6 Qxd2 22. Bc4+
1-0

[Event "2006 Standard Chess Dropout Tournament, Round 4"]
[Site "SchemingMind.com"]
[Date "2006.11.07"]
[Round "4"]
[White "Ilang"]
[Black "markagodfrey"]
[Result "1/2-1/2"]
[WhiteCountry "HUN"]
[BlackCountry "GBR"]
[WhiteElo "2226"]
[WhiteRD "71"]
[BlackElo "2142"]
[BlackRD "75"]
[GameID "75569"]

1. e4 e6 2. d4 d5 3. exd5 exd5 4. Nc3 Bb4 5. Bd3 Nc6 6. Ne2 Nge7 7. O-O Bg4 8. h3 Bf5 9. Be3 Qd7 10. a3 Bxd3
11. Qxd3 Bxc3 12. Nxc3 Qf5 13. Qxf5 Nxf5 14. Rad1 O-O-O 15. g4 Nxe3 16. fxe3 f6 17. Rf3 Rhe8 18. Kf2 h6 19. h4 Rd6 20. Ke2=
1/2-1/2

[Event "2006 Standard Chess Dropout Tournament, Round 4"]
[Site "SchemingMind.com"]
[Date "2006.11.12"]
[Round "4"]
[White "Sebastian Strauchler"]
[Black "lea_dc"]
[Result "1-0"]
[WhiteCountry "ARG"]
[BlackCountry "ARG"]
[WhiteElo "2079"]
[WhiteRD "82"]
[BlackElo "1702"]
[BlackRD "97"]
[GameID "75571"]

1. e4 c5 2. Nf3 d6 3. c3 e5 4. d4 cxd4 5. cxd4 Nc6 6. Bb5 Bd7 7. Nc3 Nf6 8. O-O a6 9. Bxc6 Bxc6 10. dxe5 dxe5
11. Nxe5 Qxd1 12. Rxd1 Rc8 13. Nxc6 Rxc6 14. Bg5 Be7 15. e5 Nd7 16. Bxe7 Kxe7 17. f4 Rhc8 18. Rac1 b5 19. Rd2 Ke8 20. Rcd1 Nb6
21. Ne4 Nc4 22. Nd6+ Nxd6 23. exd6 Kd7 24. Kf2 Rc2 25. Ke3 Rxd2 26. Rxd2 Rc6 27. Ke4 Rxd6 28. Rxd6+ Kxd6 29. b4 g6 30. Kd4 h5
31. g3 f6= 32. h3 Kc6 33. g4 h4 34. Ke4 Kd6 35. a3 Ke6 36. f5+ gxf5+ 37. gxf5+ Kd6 38. Kf4 Kd5 39. Kg4 Ke5 40. Kxh4 Kf4
41. Kh5 Kxf5 42. h4 Ke4 43. Kg6 f5 44. h5 f4 45. h6 f3 46. h7 f2 47. h8=Q f1=Q 48. Qa8+ Kd4 49. Qxa6 Qg2+= 50. Kf6 Qf3+
51. Ke7 Qe4+ 52. Kd7 Qh7+ 53. Kc6 Qg6+ 54. Kxb5 Qd3+ 55. Kb6 Qg6+ 56. Ka5 Qg3 57. a4 Kc3 58. b5 Qe5 59. Qb7 Kb3 60. Qf3+ Kb2
61. Ka6 Qe6+ 62. Qc6 Qe2 63. a5 Ka3 64. Ka7 Kb4 65. a6 Qe7+ 66. Qb7 Qc5+ 67. b6 Kb5 68. Qc7 Qd4 69. Qb8 Qe3 70. Qd6 Qg1
71. Qd5+
1-0

[Event "2006 Standard Chess Dropout Tournament, Round 4"]
[Site "SchemingMind.com"]
[Date "2006.11.12"]
[Round "4"]
[White "KaliYuga"]
[Black "eHowitzer"]
[Result "0-1"]
[WhiteCountry "IRL"]
[BlackCountry "CAN"]
[WhiteElo "1929"]
[WhiteRD "69"]
[BlackElo "2155"]
[BlackRD "111"]
[GameID "75572"]

1. d4 d5 2. c4 c6 3. Nf3 Nf6 4. Nc3 dxc4 5. e4 b5 6. b3 Qa5 7. b4 Qxb4 8. Bd2 Qa3 9. Be2 e6 10. O-O Be7
11. Qc2 O-O 12. Bc1 Qa5 13. a3 Nbd7 14. e5 Nd5 15. Ng5 g6 16. Nxd5 exd5 17. h4 Re8 18. h5 Nf8 19. hxg6 hxg6 20. f4 b4
21. Rf3 b3 22. Qd1 f6 23. Nh3 c5 24. dxc5 Qxc5+ 25. Be3 Qc6 26. Rc1 Bxa3 27. Qxd5+ Qxd5 28. Bxc4 Qxc4 29. Rxc4 b2 30. Rf1 Ba6
0-1

[Event "2006 Standard Chess Dropout Tournament, Round 4"]
[Site "SchemingMind.com"]
[Date "2006.11.08"]
[Round "4"]
[White "Katarrov"]
[Black "agrillage"]
[Result "1-0"]
[WhiteCountry "ESP"]
[BlackCountry "MLT"]
[WhiteElo "2208"]
[WhiteRD "96"]
[BlackElo "2012"]
[BlackRD "71"]
[GameID "75573"]

1. d4 c5 2. d5 g6 3. e4 Bg7 4. Nf3 d6 5. c4 e6 6. Nc3 exd5 7. cxd5 a6 8. a4 Bg4 9. Qb3 Bxf3 10. gxf3 b6
11. Bd3 Nd7 12. Be3 Ngf6 13. h4 O-O 14. Be2 Re8 15. O-O-O Ne5 16. Kc2 Rb8 17. Rh3 c4 18. Qb4 b5 19. axb5 axb5 20. Rhh1 Re7
21. Ra1 Reb7 22. Ra7 h5 23. Rha1 Ne8 24. Rxb7 Rxb7 25. Bg5 Qd7 26. Ra8 f6 27. Be3 Kh7 28. Ra5 Nc7 29. f4 Nd3 30. Bxd3 cxd3+
31. Kxd3 f5 32. f3 fxe4+ 33. fxe4 Bf6 34. Kd2 Bxh4 35. e5 dxe5 36. fxe5 Nxd5 37. Qxh4 Nxe3+ 38. Kxe3 Qc7 39. Qe4 b4 40. Ne2 Qe7
41. Nf4 Rb6 42. e6
1-0

[Event "2006 Standard Chess Dropout Tournament, Round 4"]
[Site "SchemingMind.com"]
[Date "2006.11.07"]
[Round "4"]
[White "John Elburg"]
[Black "NimbleKnight"]
[Result "1/2-1/2"]
[WhiteCountry "NED"]
[BlackCountry "USA"]
[WhiteElo "2218"]
[WhiteRD "95"]
[BlackElo "1828"]
[BlackRD "98"]
[GameID "75574"]

1. e4 e6 2. d4 d5 3. Nc3 Bb4 4. e5 c5 5. a3 Bxc3+ 6. bxc3 Ne7 7. Qg4 O-O 8. Bd3 Nbc6 9. Qh5 Ng6 10. Nf3 Qc7
11. Be3 c4 12. Bxg6 fxg6 13. Qg4 Bd7 14. h4 Rf5 15. h5 gxh5 16. Rxh5 Rxh5 17. Qxh5 Be8 18. Qh3 Nd8 19. Kd2 Bg6 20. g4 Qf7
21. Nh4 Nc6 22. Rf1 Rf8 23. f4 Ne7 24. Rf2 Be4 25. Nf3 Bxf3 26. Rxf3 Qg6 27. Qh4 Rf7=
1/2-1/2

[Event "2006 Standard Chess Dropout Tournament, Round 4"]
[Site "SchemingMind.com"]
[Date "2006.11.08"]
[Round "4"]
[White "latvija"]
[Black "CuriousShadow"]
[Result "1/2-1/2"]
[WhiteCountry "USA"]
[BlackCountry "USA"]
[WhiteElo "2155"]
[WhiteRD "90"]
[BlackElo "2059"]
[BlackRD "160"]
[GameID "75575"]

1. e4 c5 2. Nc3 Nc6 3. Nf3 e6 4. d4 cxd4 5. Nxd4 Nf6 6. Ndb5 d6 7. Bf4 e5 8. Bg5 a6 9. Na3 b5 10. Bxf6 gxf6
11. Nd5 f5 12. Bd3 Be6 13. O-O Bxd5 14. exd5 Ne7 15. Re1 Bg7 16. Be2 O-O 17. c4 e4 18. Rb1 b4 19. Nc2 a5 20. Qd2 Ng6
21. Nd4 Qf6 22. Nc6 Ne5 23. a3 Nxc6 24. dxc6 Bh6 25. Qd5 Bf4 26. Red1 Rfc8 27. f3 Qh4 28. g3 Bxg3 29. hxg3 Qxg3+ 30. Kh1 Qh3+
31. Kg1 Qg3+ 32. Kh1 Qh3+=
1/2-1/2

[Event "2006 Standard Chess Dropout Tournament, Round 4"]
[Site "SchemingMind.com"]
[Date "2006.11.08"]
[Round "4"]
[White "lea_dc"]
[Black "Chess Tiger"]
[Result "0-1"]
[WhiteCountry "ARG"]
[BlackCountry "GER"]
[WhiteElo "1698"]
[WhiteRD "96"]
[BlackElo "2309"]
[BlackRD "71"]
[GameID "75576"]

1. e4 c5 2. Nf3 Nc6 3. d4 cxd4 4. Nxd4 Nf6 5. Nc3 e5 6. Ndb5 d6 7. Bg5 a6 8. Na3 b5 9. Nab1 Be7 10. Nd2 b4
11. Ne2 O-O 12. Ng3 Qc7 13. Be2 Rd8 14. O-O Be6 15. Bc4 d5 16. exd5 Nxd5 17. Bxd5 Rxd5 18. Bxe7 Nxe7 19. Qe2 Qxc2 20. Nde4 Qxe2
21. Nxe2 h6 22. Rfd1 Rc8 23. Rxd5 Bxd5 24. N4g3 Rc2 25. b3 f5 26. Nc1 f4 27. Nf1 e4 28. g3 g5 29. g4 Ng6 30. h3 Ne5
31. Nh2 e3
0-1

[Event "2006 Standard Chess Dropout Tournament, Round 4"]
[Site "SchemingMind.com"]
[Date "2006.11.08"]
[Round "4"]
[White "lumilinna"]
[Black "danielchess"]
[Result "0-1"]
[WhiteCountry "FIN"]
[BlackCountry "ARG"]
[WhiteElo "1748"]
[WhiteRD "79"]
[BlackElo "2062"]
[BlackRD "94"]
[GameID "75577"]

1. e4 Nf6 2. e5 Nd5 3. d4 d6 4. Nf3 g6 5. c4 Nb6 6. exd6 cxd6 7. Nc3 Bg7 8. Be2 O-O 9. O-O Nc6 10. b3 Bf5
11. Bb2 e5 12. d5 Nd4 13. Bd3 Bg4 14. Be2 Re8 15. h3 Bxf3 16. Bxf3 f5 17. Be2 Qh4 18. Qd3 e4 19. Qd2 f4 20. Nd1 f3
21. gxf3 exf3
0-1

[Event "2006 Standard Chess Dropout Tournament, Round 4"]
[Site "SchemingMind.com"]
[Date "2006.11.09"]
[Round "4"]
[White "markagodfrey"]
[Black "John Elburg"]
[Result "0-1"]
[WhiteCountry "GBR"]
[BlackCountry "NED"]
[WhiteElo "2120"]
[WhiteRD "70"]
[BlackElo "2231"]
[BlackRD "89"]
[GameID "75578"]

1. e4 e6 2. d4 d5 3. Nc3 Nf6 4. e5 Nfd7 5. f4 c5 6. Nf3 Nc6 7. Be3 cxd4 8. Nxd4 Bc5 9. Qd2 O-O 10. O-O-O a6
11. Qf2 Bxd4 12. Bxd4 b5 13. Bd3 b4 14. Ne2 a5 15. Qf3 Ba6 16. Qh5 f5 17. Bxa6 Rxa6 18. Rd3 g6 19. Rg3 Qe7 20. Qg5 Qxg5
21. Rxg5 Nxd4 22. Nxd4 Nc5 23. Rg3 Ne4 24. Re3 Rc8 25. h4 a4 26. a3 Rc4 27. Rd1 Kg7 28. Nf3 Rac6 29. Nd4 Rb6 30. axb4 Rcxb4
31. b3 axb3 32. Rxb3 Nc5 33. Rxb4 Rxb4 34. c3 Ra4 35. g3 Kh6 36. Kd2 Kh5 37. Ke3 Ra3 38. Ne2 Kg4 39. h5 g5 40. h6 Ne4
41. fxg5 Kxg5
0-1

[Event "2006 Standard Chess Dropout Tournament, Round 4"]
[Site "SchemingMind.com"]
[Date "2006.11.10"]
[Round "4"]
[White "mkefeli"]
[Black "naughtypawn"]
[Result "0-1"]
[WhiteCountry "TUR"]
[BlackCountry "ESP"]
[WhiteElo "2004"]
[WhiteRD "77"]
[BlackElo "1970"]
[BlackRD "108"]
[GameID "75579"]

1. e4 e5 2. Nf3 Nc6 3. Bb5 a6 4. Ba4 Nf6 5. O-O Nxe4 6. d4 b5 7. Bb3 d5 8. dxe5 Be6 9. c3 Bc5 10. Nbd2 O-O
11. Bc2 Nxd2 12. Bxd2 f6 13. Qe2 Nxe5 14. Nxe5 fxe5 15. Qxe5 Qf6 16. Qxc7 Bxf2+ 17. Kh1 Bh3 18. Bd1 Qg6
0-1

[Event "2006 Standard Chess Dropout Tournament, Round 4"]
[Site "SchemingMind.com"]
[Date "2006.11.12"]
[Round "4"]
[White "naughtypawn"]
[Black "Sebastian Strauchler"]
[Result "0-1"]
[WhiteCountry "ESP"]
[BlackCountry "ARG"]
[WhiteElo "1970"]
[WhiteRD "108"]
[BlackElo "2079"]
[BlackRD "82"]
[GameID "75580"]

1. e4 c5 2. Nf3 Nc6 3. d4 cxd4 4. Nxd4 g6 5. Nc3 Bg7 6. Be3 Nf6 7. Bc4 O-O 8. Bb3 a5 9. f3 d5 10. Bxd5 Nxd5
11. exd5 Nb4 12. Ncb5 Nxd5 13. Bf2 Bd7 14. c4 Nf4 15. O-O Bxb5 16. cxb5 Bxd4 17. Bxd4 Qxd4+ 18. Qxd4 Ne2+ 19. Kf2 Nxd4
0-1

[Event "2006 Standard Chess Dropout Tournament, Round 4"]
[Site "SchemingMind.com"]
[Date "2006.11.07"]
[Round "4"]
[White "NimbleKnight"]
[Black "latvija"]
[Result "0-1"]
[WhiteCountry "USA"]
[BlackCountry "USA"]
[WhiteElo "1784"]
[WhiteRD "99"]
[BlackElo "2155"]
[BlackRD "90"]
[GameID "75581"]

1. e4 c5 2. Nf3 e6 3. d4 cxd4 4. Nxd4 Nc6 5. Nc3 Qc7 6. Be3 a6 7. Be2 Nf6 8. O-O Bb4 9. f3 O-O 10. Na4 d5
11. Nxc6 Qxc6 12. Nb6 Bc5 13. Nxa8 Bxe3+ 14. Kh1 b6 15. Nxb6 Qxb6 16. Qd3 dxe4 17. fxe4 Rd8 18. Qb3 Nxe4 19. Bf3 Nf2+ 20. Kg1 Rd2
21. Rab1 e5 22. Bd5 Ne4+ 23. Kh1 Ng3+ 24. hxg3 Qh6#
0-1

[Event "2006 Standard Chess Dropout Tournament, Round 4"]
[Site "SchemingMind.com"]
[Date "2006.11.12"]
[Round "4"]
[White "pattSir"]
[Black "budi"]
[Result "1-0"]
[WhiteCountry "GER"]
[BlackCountry "INA"]
[WhiteElo "2158"]
[WhiteRD "97"]
[BlackElo "2018"]
[BlackRD "113"]
[GameID "75582"]

1. e4 c6 2. d4 d5 3. Nc3 dxe4 4. f3 exf3 5. Nxf3 Bf5 6. Bc4 e6 7. O-O Nf6 8. Ne5 Bxc2 9. Nxf7 Kxf7 10. Qxc2 Qxd4+
11. Be3 Qxe3+ 12. Kh1 Bd6 13. Rae1 Qh6 14. g4 Qxh2+ 15. Qxh2 Bxh2= 16. g5 Bc7 17. Rxe6 Kf8 18. gxf6 gxf6 19. Rexf6+ Ke7 20. Ne4 b5
21. Bb3 Kd8 22. Rd1+ Kc8 23. Nc5 Ba5 24. Rf7 Re8 25. Be6+ Rxe6 26. Nxe6 Bb6 27. Rg1
1-0

[Event "2006 Standard Chess Dropout Tournament, Round 4"]
[Site "SchemingMind.com"]
[Date "2006.11.12"]
[Round "4"]
[White "pedrinho"]
[Black "KaliYuga"]
[Result "0-1"]
[WhiteCountry "GBR"]
[BlackCountry "IRL"]
[WhiteElo "1687"]
[WhiteRD "86"]
[BlackElo "1925"]
[BlackRD "65"]
[GameID "75583"]

1. e4 c5 2. Nf3 d6 3. Bb5+ Bd7 4. Bxd7+ Qxd7 5. O-O g6 6. c3 Bg7 7. d4 cxd4 8. Nxd4 Nc6 9. Nxc6 Qxc6 10. Qf3 Nf6
11. Re1 O-O 12. Bg5 Qb5 13. Bxf6 Bxf6 14. Na3 Qxb2 15. c4 Bc3 16. Nb5 Bxe1 17. Rxe1 Qxa2 18. g3 Qxc4 19. Na3 Qc6 20. Qe2 e5
21. f3 Qc5+ 22. Qe3 Rac8 23. Qxc5 dxc5 24. Nc4 b5 25. Ne3 c4 26. Nc2 c3 27. Kf2 Rfd8 28. h4 Rc6 29. g4 Rcd6 30. Nb4 Rd2+
31. Kf1 c2
0-1

[Event "2006 Standard Chess Dropout Tournament, Round 4"]
[Site "SchemingMind.com"]
[Date "2006.11.12"]
[Round "4"]
[White "pjl1015"]
[Black "pattSir"]
[Result "1/2-1/2"]
[WhiteCountry "USA"]
[BlackCountry "GER"]
[WhiteElo "2189"]
[WhiteRD "145"]
[BlackElo "2168"]
[BlackRD "102"]
[GameID "75584"]

1. e4 e5 2. Nf3 Nc6 3. Bb5 a6 4. Bxc6 dxc6 5. O-O Bg4 6. h3 h5 7. d3 Qf6 8. Be3 Bxf3 9. Qxf3 Qxf3 10. gxf3 Bd6
11. Nd2 Ne7 12. Nc4 Ng6 13. Kh2 Rg8 14. Rg1 Kd7 15. Rg5 h4 16. Rg4 b5 17. Na5 c5 18. Nb3 Kc6 19. Kg2 Be7 20. a4 Rgb8
21. Kf1 Kd7 22. Ra2 c4 23. dxc4 bxc4 24. Na5 c3 25. b3 Bb4 26. Nc4 Ke6 27. Ra1 Rd8 28. f4 exf4 29. Bxf4 Nxf4 30. Rxf4 g5
31. Rg4 f6 32. e5 Bc5 33. exf6 Kxf6 34. f4 gxf4 35. Rxh4 Be3 36. Ke2 Bd2 37. Rg4 Kf5 38. Rag1 Ke4 39. Rg7 Rh8 40. Re7+ Kf5
41. Nxd2 Rae8 42. Rg7 Rxe7+ 43. Rxe7 cxd2 44. Kxd2 c5 45. Rc7 Ke4 46. Rxc5 Rxh3 47. a5 Rh2+ 48. Ke1 f3 49. b4 Rh1+ 50. Kf2 Rb1
51. Rc4+ Kd5 52. Rh4 Rb2 53. Kxf3 Rxc2 54. Rg4 Rc4= 55. Rg5+ Kc6 56. Rg6+ Kb5 57. Rb6+=
1/2-1/2

[Event "2006 Standard Chess Dropout Tournament, Round 4"]
[Site "SchemingMind.com"]
[Date "2006.11.07"]
[Round "4"]
[White "qhalid"]
[Black "C. H. O'D. Schlechter"]
[Result "0-1"]
[WhiteCountry "USA"]
[BlackCountry "USA"]
[WhiteElo "2173"]
[WhiteRD "110"]
[BlackElo "2362"]
[BlackRD "68"]
[GameID "75585"]

1. c4 f5 2. Nc3 Nf6 3. d4 d6 4. Nf3 g6 5. g3 Bg7 6. Bg2 O-O 7. O-O Qe8 8. Nd5 Nxd5 9. cxd5 Nd7 10. Ng5 Nf6
11. Qb3 Rb8 12. Bd2 h6 13. Ne6 Bxe6 14. dxe6 c6 15. Rac1 Ne4 16. Be3 d5 17. Bxe4 fxe4 18. Bf4 Bxd4 19. Bxb8 Qxb8 20. Qb4 Bf6
21. Rc2 Qc8 22. Rd1 e3 23. f4 d4 24. Rd3 Rd8 25. Qa5 a6 26. f5 Rd6 27. a4 gxf5 28. Qxf5 Qxe6 29. Qxe6+ Rxe6 30. Rc1 Rd6
31. Kg2 e5 32. Kf3 Kf7 33. Ke4 Ke6 34. Rb3 Rd7 35. Rf1 Rg7 36. h3 Rxg3 37. Rxb7 Rxh3 38. Rb6 Rh4+ 39. Kd3 Bg5 40. Kc4 Kd7
41. Rc1 Rh2 42. Kd3 e4+ 43. Kxd4 Rxe2 44. Kxe4 Rd2 45. Rcxc6 e2
0-1

[Event "2006 Standard Chess Dropout Tournament, Round 4"]
[Site "SchemingMind.com"]
[Date "2006.11.08"]
[Round "4"]
[White "Quirine"]
[Black "hph46"]
[Result "0-1"]
[WhiteCountry "NED"]
[BlackCountry "GER"]
[WhiteElo "1933"]
[WhiteRD "78"]
[BlackElo "2063"]
[BlackRD "118"]
[GameID "75586"]

1. d4 d5 2. Nf3 Nf6 3. c4 e6 4. Nc3 Be7 5. Bg5 O-O 6. e3 Nbd7 7. Rc1 a6 8. cxd5 exd5 9. Bd3 b6 10. O-O c5
11. dxc5 Nxc5 12. Bb1 Bb7 13. Nd4 Nfe4 14. Bxe7 Qxe7 15. Nce2 Rfe8 16. b4 Ne6 17. a3 Rad8 18. Nxe6 fxe6 19. Bxe4 dxe4 20. Qb3 Rd3
21. Qb2 e5 22. Rc2 Red8 23. h3 Qd6 24. Rfc1 Rd7 25. Ng3 Qf6 26. Rf1 Qe6 27. Rfc1 Qf6 28. a4 h6 29. a5 b5 30. Rf1 Qe6
31. Rc5 Rb3 32. Qxe5 Qxe5 33. Rxe5 Rxb4 34. Ra1 Kf7 35. Ne2 Ra4 36. Rxa4 bxa4 37. Rc5 Rd1+ 38. Kh2 a3 39. Nc3 Rc1 40. Rc7+ Ke6
41. Rxb7 Rxc3 42. Rb4 Kd5 43. Kg3 Kc5 44. Rxe4 a2 45. Ra4 Rc2 46. e4 Kb5
0-1

[Event "2006 Standard Chess Dropout Tournament, Round 4"]
[Site "SchemingMind.com"]
[Date "2006.11.09"]
[Round "4"]
[White "Ryan"]
[Black "Zarra"]
[Result "1-0"]
[WhiteCountry "NED"]
[BlackCountry "FIN"]
[WhiteElo "2116"]
[WhiteRD "88"]
[BlackElo "1713"]
[BlackRD "92"]
[GameID "75588"]

1. c4 e5 2. Nc3 Nf6 3. Nf3 Nc6 4. g3 Bc5 5. Bg2 e4 6. Ng5 Bxf2+ 7. Kxf2 Ng4+ 8. Kg1 Qxg5 9. Bxe4 Nf6 10. d3 Qc5+
11. Kg2 O-O 12. Bf4 Nxe4 13. Nxe4 Qb6 14. Qd2 d6 15. Raf1 Ne5 16. h4 Bf5 17. Nc3 Be6 18. h5 c6 19. h6 g6 20. Ne4 Qc7
21. Nf6+
1-0

[Event "2006 Standard Chess Dropout Tournament, Round 4"]
[Site "SchemingMind.com"]
[Date "2006.11.08"]
[Round "4"]
[White "saxon"]
[Black "Gordon"]
[Result "1-0"]
[WhiteCountry "GER"]
[BlackCountry "ENG"]
[WhiteElo "2314"]
[WhiteRD "87"]
[BlackElo "2262"]
[BlackRD "79"]
[GameID "75589"]

1. d4 Nf6 2. c4 e6 3. Nf3 b6 4. g3 Ba6 5. b3 Bb4+ 6. Bd2 Be7 7. Bg2 c6 8. Bc3 d5 9. Ne5 Nfd7 10. Nxd7 Nxd7
11. Nd2 O-O 12. O-O Rc8 13. e4 c5 14. exd5 exd5 15. dxc5 dxc4 16. c6 cxb3 17. Re1 b2 18. Bxb2 Nc5 19. Nc4 Bxc4 20. Qg4 Bg5
21. Qxc4 Nd3 22. Be5 Nxe1 23. Rxe1 Bf6 24. Bxf6 Qxf6 25. c7 Qd6 26. Rc1 b5 27. Qc2 g6 28. Bb7 b4 29. Kf1 a5 30. Qc6 Qxc6
31. Rxc6 f5 32. Ke2 Kf7 33. Bxc8 Rxc8 34. Kd3 a4 35. Kc4 b3 36. axb3 axb3 37. Kxb3 Ke7 38. Kc4 Kd7 39. Kd5
1-0

[Event "2006 Standard Chess Dropout Tournament, Round 4"]
[Site "SchemingMind.com"]
[Date "2006.11.09"]
[Round "4"]
[White "wilfried"]
[Black "pjl1015"]
[Result "1/2-1/2"]
[WhiteCountry "GER"]
[BlackCountry "USA"]
[WhiteElo "2291"]
[WhiteRD "112"]
[BlackElo "2194"]
[BlackRD "151"]
[GameID "75590"]

1. e4 c5 2. Nf3 Nc6 3. Bb5 e5 4. c3 a6 5. Bxc6 dxc6 6. O-O Bg4 7. h3 Bh5 8. g4 Bg6 9. Nxe5 Qh4 10. Qf3 f6
11. Nxg6 hxg6 12. Kg2 O-O-O 13. Na3 Bd6 14. d4 cxd4 15. cxd4 Bc7 16. Rd1 f5 17. gxf5 Nf6 18. e5 Ne4 19. Be3 Rdf8 20. Qg4 gxf5
21. Qxh4 Rxh4 22. f3 f4 23. Bd2 Nxd2 24. Rxd2 Rf5 25. Rh1=
1/2-1/2

[Event "2006 Standard Chess Dropout Tournament, Round 4"]
[Site "SchemingMind.com"]
[Date "2006.11.09"]
[Round "4"]
[White "Zarra"]
[Black "mkefeli"]
[Result "0-1"]
[WhiteCountry "FIN"]
[BlackCountry "TUR"]
[WhiteElo "1726"]
[WhiteRD "93"]
[BlackElo "2065"]
[BlackRD "73"]
[GameID "75591"]

1. e4 c5 2. Nf3 Nc6 3. d4 cxd4 4. Nxd4 Nf6 5. Nc3 e5 6. Ndb5 a6 7. Nd6+ Bxd6 8. Qxd6 Qe7 9. Qc7 d5 10. Qxe7+ Nxe7
11. Bd3 dxe4 12. Nxe4 Nxe4 13. Bxe4 f5 14. Bf3 e4 15. Be2 Be6 16. b3 Kf7 17. Bb2 Rac8 18. O-O-O Nc6 19. Bh5+ Ke7 20. Rhe1 Rhd8
21. Rxd8 Rxd8 22. Rd1 g6 23. Rxd8 Kxd8 24. Be2 Kd7 25. Kd1 Kd6 26. Kd2 Bd5 27. g3 Ne5 28. Bxe5+ Kxe5 29. h4= h6 30. c4 Be6
31. f3 g5 32. hxg5 hxg5 33. Ke3 f4+ 34. gxf4+ gxf4+ 35. Kd2 Bh3 36. fxe4 Bg2 37. Kc3 f3 38. Bd3 f2 39. a4 a5
0-1